00471cam a2200169ua 4500001000500000005001700005008003900022040000900061041000800070082001300078100003100091245005400122250001800176260006000194300001700254653003000271374220260515113725.0150310n ii |||gr||||Z||||||asm cMAIN aasm a891.4514 aBorgohain, Homen,eEditor. aAsamiya sahityar buranjiced. by Homen Borgohain  a1st. / bV 6. aGuwahati:bAnundoram borooah institute of language,993. a701p:c23cm. aAsamiya sahityar buranji